| 000 | 00734nam a2200193 i 4500 | ||
|---|---|---|---|
| 001 | 64534 | ||
| 003 | ES-MaACL | ||
| 005 | 20230906165142.0 | ||
| 007 | t| | ||
| 008 | 031229s1950 sp ||||1| spa d | ||
| 080 | _a581.9(467.14 Cardó) | ||
| 100 | 1 |
_aFont Quer, P. ( _d1888-1964) _951574 |
|
| 245 | 1 | 0 |
_aFlórula de Cardó _b: consideraciones generales sobre las plantas que se crían en su valle / _cpor P. Font y Quer ; ilustraciones botánicas de E. Sierra y Ráfols. |
| 260 |
_aBarcelona : _b[s.n., _c1950] ( _fMariano Galve) |
||
| 300 |
_a165 p., 10 lám. : _bgraf., il. ; _c24 cm. |
||
| 650 | 4 |
_aFlora- _zCardós (España, Valle) _9150274 |
|
| 700 | 0 |
_aSierra i Ràfols, Eugeni. _9106275 |
|
| 852 |
_aES-MaACL _jD-7612 _bR.30835 |
||
| 999 |
_c64534 _d64534 |
||